02359nam a2200349 i 4500001001000000003001000010005001700020007000300037008004100040020001800081040004800099041000800147082002400155100003000179245007200209264006000281264001100341300002700352336002700379337003300406338002800439490002700467504007100494505113300565563001501698630006101713630005301774942000701827945002801834952013001862999001701992768714001CO-MdFUSB20260326161717.0ta240925t1996 -us||||| |||| 001 0 eng d a0-8308-1992-4 bspa.aCO-MdFUSBcCO-MdFUSBdCO-MdFUSBCerda aeng 223a227.8307bST888 aStott, John R. W.,eautor1 aGuard the truth : bthe message of 1 Timothy & Titus c/ John Stott 1aDowners Grove, Illinois : bInterVarsity Press,c[1996] 4c©1996 a232 páginasc; 24 cm 2rdacontentatextobtxt 2rdamediaasin mediaciónbn 2rdacarrieravolumenbnc aThe Bible Speaks Today aIncluye índice, guía de estudio y referencias bibliográficas aEl mensaje de 1 Timoteo: La vida de la iglesia local -- Doctrina apostólica (1:3-20) -- Los falsos maestros y la ley (1:3-11) -- El apóstol Pablo y el evangelio (1:12-17) -- Timoteo y la buena batalla (1:18-20) -- El culto público (2:1-15) -- La preocupación mundial por el culto público (2:1-7) -- Los roles sexuales en el culto público (2:8-15) -- Supervisión pastoral (3:1-16) -- Los supervisores (3:1-7) -- Los diáconos (3:8-13) -- La iglesia (3:14-16) -- Liderazgo local (4:1-5:2) -- Responsabilidades sociales (5:3-6:2) -- Posesiones materiales (6:3-21). -- El mensaje de Tito: doctrina y deber -- Los temas principales de la carta -- Pablo se presenta -- Pablo se dirige a Tito -- Pablo desea a Tito la gracia de Dios -- Doctrina y deber en la iglesia (1:5-16) -- Los verdaderos ancianos (1:5-9) -- Los falsos maestros (1:10-16) -- Doctrina y deber en el hogar (2:1-15) -- Los deberes éticos (2:2-10) -- La sana doctrina (2:11-14) -- Doctrina y deber en el mundo (3:1-8) -- Los cristianos en la vida pública (3:1-2) -- Ingredientes de la salvación (3:3-8) -- Mensajes personales finales (3:9-15).  aPasta dura07aBiblia.pTimoteo, 1ªxCrítica, interpretación, etc.07aBiblia.pTitoxCrítica, interpretación, etc. cBK aCatherine Arias Alvarez 00102ddc40708GENaFUSBCbFUSBCd2024-09-25l0oG 227.8307 ST888gp25053r2024-09-25 00:00:00tEj. 1w2024-09-25yBKB0k1 c70977d70977